El Nuevo Testamento de Nuestro Señor Jesucristo: con notas, y además con índices histórico, cronológico, de sentencias sagradas, y de las epístolas y evangelios para todos los domingos del año
-д хадгалсан:
| Формат: | Ном |
|---|---|
| Хэл сонгох: | испани |
| Хэвлэсэн: |
Londres
Archiepiscopus Westmonasteriensis
1874
|
| Хэвлэл: | 1a. ed |
| Нөхцлүүд: | |
| Шошгууд: |
Шошго нэмэх
Шошго байхгүй, Энэхүү баримтыг шошголох эхний хүн болох!
|
MARC
| LEADER | 00000cam a2200000 a 4500 | ||
|---|---|---|---|
| 001 | UCD1481 | ||
| 003 | CL-VaPUC | ||
| 008 | 160310e18740000uk |||||||||||||||||spa|d | ||
| 082 | 0 | 4 | |a 225 |b NUE |2 21 |
| 245 | 1 | 3 | |a El Nuevo Testamento de Nuestro Señor Jesucristo: con notas, y además con índices histórico, cronológico, de sentencias sagradas, y de las epístolas y evangelios para todos los domingos del año |
| 250 | |a 1a. ed | ||
| 300 | |a 414 p | ||
| 942 | |c BK | ||
| 945 | |d 20160310 23:10:00 |a dcastane | ||
| 260 | |a Londres |b Archiepiscopus Westmonasteriensis |c 1874 | ||
| 650 | 0 | |a Nuevo testamento |9 257604 | |
| 650 | 0 | |a Evangelios |9 314864 | |
| 650 | 7 | |a LIBROS SAGRADOS |2 CL-VaPUC |9 584574 | |
| 583 | |a last modification |c 20161102 12:12:51 |k Rodrigo Vera | ||
| 999 | |c 362786 |d 362784 | ||
| 952 | |0 0 |1 0 |3 erd |4 0 |6 225_000000000000000_NUE_1874 |7 0 |8 X |9 474271 |a FDOBUD |b FDOBUD |i 5266165 |o 225 NUE 1874 |p 5266165 |r 2019-11-24 |w 2019-11-24 |y BK_X |z Catalogado en:20160310 |k BUD | ||